Microeconomics of banking (Record no. 1225255)

MARC details
000 -LEADER
fixed length control field 00643nam a2200229Ia 4500
005 - DATE AND TIME OF LATEST TRANSACTION
control field 20241129104306.0
008 - FIXED-LENGTH DATA ELEMENTS--GENERAL INFORMATION
fixed length control field 241129s9999||||xx |||||||||||||| ||und||
020 ## - INTERNATIONAL STANDARD BOOK NUMBER
International Standard Book Number 9780262048194
037 ## - SOURCE OF ACQUISITION
Stock number Textual
040 ## - CATALOGING SOURCE
Original cataloging agency RTL
Language of cataloging eng
Transcribing agency RTL
041 ## - LANGUAGE CODE
Language code of text/sound track or separate title eng
Source of code eng
084 ## - COLON CLASSIFICATION NUMBER
Classification number X62 N7;R3/TD
Assigning agency RTL
100 ## - MAIN ENTRY--PERSONAL NAME
Personal name Freixas Xavier; Rochet Jean-Charles
9 (RLIN) 725589
245 #0 - TITLE STATEMENT
Title Microeconomics of banking
Statement of responsibility, etc. Freixas Xavier; Rochet Jean-Charles
250 ## - EDITION STATEMENT
Edition statement 3rd
260 ## - PUBLICATION, DISTRIBUTION, ETC.
Place of publication, distribution, etc. UK
Name of publisher, distributor, etc. MIT Press
Date of publication, distribution, etc. 2023
300 ## - PHYSICAL DESCRIPTION
Extent xiv,214p.
365 ## - TRADE PRICE
Price type code INR
Price amount Rs.6684.00
650 ## - SUBJECT ADDED ENTRY--TOPICAL TERM
Topical term or geographic name entry element Banking
942 ## - ADDED ENTRY ELEMENTS (KOHA)
Koha item type Textbook
Classification part X62 N7;R3/TD
Holdings
Withdrawn status Lost status Damaged status Not for loan Home library Current library Date acquired Source of acquisition Inventory number Total Checkouts Full call number Barcode Date last seen Price effective from Koha item type
        Ratan Tata Library Ratan Tata Library 2024-11-29 Bright book Service 2304 & 14/2/2024   X62 N7;R3/TD RT1528191 2025-11-17 2024-11-29 Textbook
Copyright @ Delhi University Library System